| 000 | 00694nam a2200205 4500 | ||
|---|---|---|---|
| 001 | 108351 | ||
| 003 | ES-MaACL | ||
| 005 | 20230906184628.0 | ||
| 007 | t| | ||
| 008 | 061121s1973 sp r ||||1| spa d | ||
| 100 | 1 |
_aMoncada, Jesús. _982119 |
|
| 245 | 1 | 0 |
_aHistóries de la ma esquerra / _cJesús Moncada. |
| 260 |
_aBarcelona : _bDiamant, _c1973. |
||
| 300 |
_a144 p. ; _c20 cm. |
||
| 500 | _aPremi Joan Santamaria de narració 1971. | ||
| 505 | 8 | _aContiene: dues narracions finalistes: Hola, Tom de Josep Valvardú. El cavall no es de cartró de Jaume Melendres | |
| 700 | 1 |
_aValverdú, Josep. _9113025 |
|
| 700 | 1 |
_aMelendres, Jaume. _979934 |
|
| 852 |
_aES-MaACL _jC-54387 _bR.87196 |
||
| 999 |
_c108351 _d108351 |
||